Elementary mechanics of solids (Record no. 4447)

000 -LEADER
fixed length control field 00558nam a2200217 a 4500
001 - CONTROL NUMBER
control field 4447
003 - CONTROL NUMBER IDENTIFIER
control field BD-DhUET
008 - FIXED-LENGTH DATA ELEMENTS--GENERAL INFORMATION
fixed length control field 810420t19811980nyua b 001 0 eng
020 ## - INTERNATIONAL STANDARD BOOK NUMBER
International Standard Book Number 085226819X
040 ## - CATALOGING SOURCE
Original cataloging agency DLC
Transcribing agency DLC
Modifying agency BD-DhUET
082 ## - DEWEY DECIMAL CLASSIFICATION NUMBER
Classification number 531
Item number SIN/1980
100 ## - MAIN ENTRY--PERSONAL NAME
Personal name Singh, Pashupati Nath
245 10 - TITLE STATEMENT
Title Elementary mechanics of solids
250 ## - EDITION STATEMENT
Edition statement 1st ed.
260 ## - PUBLICATION, DISTRIBUTION, ETC. (IMPRINT)
Place of publication, distribution, etc. New Delhi
Name of publisher, distributor, etc. Wiley Eastern
Date of publication, distribution, etc. 1980
300 ## - PHYSICAL DESCRIPTION
Extent xvi, 616p.
Other physical details ill.
504 ## - BIBLIOGRAPHY, ETC. NOTE
Bibliography, etc Includes bibliographies
650 #0 - SUBJECT ADDED ENTRY--TOPICAL TERM
Topical term or geographic name as entry element Mechanics of solids
700 ## - ADDED ENTRY--PERSONAL NAME
Personal name Jha, Prem Kumar
942 ## - ADDED ENTRY ELEMENTS (KOHA)
Koha item type General Book
Holdings
Source of classification or shelving scheme Koha normalized classification for sorting Copy number Sublocation or collection (holding branch) Price effective from Date acquired Koha full call number Piece designation (barcode) Withdrawn status Shelving location Koha item type Location (home branch) Koha date last seen Lost status Damaged status Not for loan
 531_000000000000000_SIN_19801Central Library, BUET2014-11-162014-11-16531/SIN/198059249 Circulation sectionGeneral BookCentral Library, BUET2014-11-16   
 531_000000000000000_SIN_19802Central Library, BUET2015-03-102015-03-10531/SIN/198059250 Circulation sectionGeneral BookCentral Library, BUET2015-03-10   
 531_000000000000000_SIN_19803Central Library, BUET2015-03-102015-03-10531/SIN/198059252 Circulation sectionGeneral BookCentral Library, BUET2015-03-10   
 531_000000000000000_SIN_19804Central Library, BUET2015-03-102015-03-10531/SIN/198059245 Circulation sectionGeneral BookCentral Library, BUET2015-03-10   
 531_000000000000000_SIN_19805Central Library, BUET2015-03-102015-03-10531/SIN/198059246 Circulation sectionGeneral BookCentral Library, BUET2015-03-10   
 531_000000000000000_SIN_19806Central Library, BUET2015-03-112015-03-11531/SIN/1980   General BookCentral Library, BUET2015-03-11   
 531_000000000000000_SIN_19807Central Library, BUET2015-03-112015-03-11531/SIN/198059248 Circulation sectionGeneral BookCentral Library, BUET2015-03-11   
 531_000000000000000_SIN_19808Central Library, BUET2015-03-112015-03-11531/SIN/198057348 Circulation sectionGeneral BookCentral Library, BUET2015-03-11   
 531_000000000000000_SIN_19809Central Library, BUET2015-03-222015-03-22531/SIN/198055367 Circulation sectionGeneral BookCentral Library, BUET2016-03-27   
 531_000000000000000_SIN_198010Central Library, BUET2015-06-082015-06-08531/SIN/198059244 Reading sectionReading ItemCentral Library, BUET2015-06-08   
 531_000000000000000_SIN_198011Central Library, BUET2015-06-082015-06-08531/SIN/198059243 Reading sectionReading ItemCentral Library, BUET2015-06-08